00897nac a22002777a 4500001001000000003000900010005001700019008003400036040005400070072000800124100001700132100002500149100001600174110006300190245007600253246007700329260003600406300000900442490009600451500001300547650000900560650001300569650001200582650001300594650001200607BR8600409BR-BrBNA20240105120356.0230509b bl.|||m| |||| 00| 0 por d aBR-BrBNAbporcBiblioteca Nacional de Agricultura aF041 aSfredo, G.J.1 aPaludzysyn Filho, E.1 aGomes, E.R.1 aCentro Nacional de Pesquisa de Soja, Londrina, PR (Brasil)1 aPesquisa com adubacao e calagem para soja na regiao de Balsas, Maranhao1 a[Research with fertilization and liming for soybean in Balsas, Maranhao]3 aLondrina, PR (Brasil): c1985.  a7 p. aPesquisa em Andamento - Centro Nacional de Pesquisa de Soja (Brazil)vno. 8xISSN 0100-7306 a6 tables aSOJA aADUBACAO aFOSFORO aPOTASSIO aCALAGEM